01143nac a22002771u 45000220014000000350023000140820012000370900015000491000034000641110155000982450072002532460032003252600043003573000025004006500046004256500041004716500030005126500028005426500034005709420025006049990015006293360026006443370028006703380027006989520140007250 a0217-751X a(OCoLC)ocm1319106400a539.721 c9220d9220 a20080729  aProceedings of the CTP symposium on supersymmetry at LHC: Theoretical and experimental perspectivescThe British University in Egyptd11-14 March 200700aInternational journal of modern physics.nA, V.22, No.31 Dec20,200730aJournal of modern physics A aSingapore :bWorld Scientific,cc1986- av. :bill. ;c25 cm. 0aParticles (Nuclear physics)vPeriodicals. 0aField theory (Physics)vPeriodicals. 0aGravitationvPeriodicals. 0aCosmologyvPeriodicals. 0aNuclear physicsvPeriodicals. cBBk539.721hRDA-MOD c9220d9220 2rdacontentatextbtxt aunmediated2rdamediabn avolumebnc2rdacarrier 00102ddc3Lost In Inventory_2015-8-234070aMAINbMAINc1STd2008-04-21ePurchasel0o539.721 INTp000011326r2008-04-21 00:00:00yBB